000 01860nam2a22002651 4500
001 RU\NLR\INFOCOMM16\1000087776
005 20250617072321.0
035 _a(NLR Aleph) 002549930
090 _a3010791
_c3010791
100 _a20040510d1961 |||y0rusy50 ca
101 0 _arus
102 _aRU
105 _ay |||||||||
200 1 _aЭлементы конструкции кузовов. Малогабаритные пластмассовые детали. Стекла
_fЛ.И. Белкин, А.Н. Кириллов
210 _d1961
_aБ. м.
461 0 _1001RU\NLR\INFOCOMM16\1000087743
_12001#$aТруды НАМИ$fГос. Ком. Совета Министров СССР по автоматизации и машиностроению. Упр. с.-х. машин и автомобилей. Центр. ордена Труд. Красного Знамени автомобильный и автомоторный ин-т. НАМИ. Отд. науч.-техн. пропаганды и информации$vВып.33
_93010517
_aНаучно-исследовательский автомобильный и автомоторный институт (Москва)
_cМ.
_d1958-1982
_fГос. Ком. Совета Министров СССР по автоматизации и машиностроению. Упр. с.-х. машин и автомобилей. Центр. ордена Труд. Красного Знамени автомобильный и автомоторный ин-т. НАМИ. Отд. науч.-техн. пропаганды и информации
_tТруды НАМИ
_vВып.33
700 1 _aБелкин
_bЛ.И.
_4070
701 1 _aКириллов
_bА.Н.
_4070
801 1 _aRU
_bInfoComm
_c20040510
801 0 _aRU
_bNLR
_gPSBO
852 _aNLR
_jП10/2236
942 _cISSUE
980 _aNB
980 _aRUSPER